Estimating for building and civil engineering works (Record no. 62870)
[ view plain ]
| 000 -LEADER | |
|---|---|
| fixed length control field | 00653nam a2200145 a 4500 |
| 008 - FIXED-LENGTH DATA ELEMENTS--GENERAL INFORMATION | |
| fixed length control field | 120416s1971 ||||||||||||||||| || u |
| 050 ## - LIBRARY OF CONGRESS CALL NUMBER | |
| Classification number | TH 435 Ged |
| 100 ## - MAIN ENTRY--PERSONAL NAME | |
| Personal name | Geddes, Spence |
| 245 10 - TITLE STATEMENT | |
| Title | Estimating for building and civil engineering works |
| 250 ## - EDITION STATEMENT | |
| Edition statement | 5th ed. |
| 260 ## - PUBLICATION, DISTRIBUTION, ETC. | |
| Place of publication, distribution, etc. | London |
| Name of publisher, distributor, etc. | Newnes-Butterworths |
| Date of publication, distribution, etc. | 1971 |
| 350 ## - | |
| -- | 0.00 |
| 995 ## - | |
| -- | MAIN LIBRARY OPEN ACCESS |
| -- | 0.00 |
| -- | 713899 |
| -- | CBU-MAIN LIBRARY (Kitwe) |
| -- | 2 |
| -- | 16.00 |
| -- | TH 435 Ged |
| -- | 1 |
| -- | AVAILABLE |
| -- | 015252 |
| -- | Main Library Open Access Collection |
| 995 ## - | |
| -- | MAIN LIBRARY OPEN ACCESS |
| -- | 0.00 |
| -- | 713898 |
| -- | CBU-MAIN LIBRARY (Kitwe) |
| -- | 1 |
| -- | 16.00 |
| -- | TH 435 Ged |
| -- | 2 |
| -- | AVAILABLE |
| -- | 015253 |
| -- | Main Library Open Access Collection |
| 999 ## - | |
| -- | 62870 |
| -- | 62870 |
| Withdrawn status | Lost status | Source of classification or shelving scheme | Damaged status | Not for loan | Permanent Location | Current Location | Shelving location | Date acquired | Total Checkouts | Full call number | Barcode | Date last seen | Price effective from | Koha item type |
|---|---|---|---|---|---|---|---|---|---|---|---|---|---|---|
| CBU-MAIN LIBRARY, KITWE. | CBU-MAIN LIBRARY, KITWE. | 12/16/2022 | TH 435 Ged | 015252 | 12/16/2022 | 12/16/2022 | MONOGRAPH | |||||||
| CBU-MAIN LIBRARY, KITWE. | CBU-MAIN LIBRARY, KITWE. | 12/16/2022 | TH 435 Ged | 015253 | 12/16/2022 | 12/16/2022 | MONOGRAPH |